| 000 -LEADER |
| fixed length control field |
nam a22 a 4500 |
| 003 - CONTROL NUMBER IDENTIFIER |
| control field |
PNM |
| 005 - DATE AND TIME OF LATEST TRANSACTION |
| control field |
20170425162922.0 |
| 008 - FIXED-LENGTH DATA ELEMENTS--GENERAL INFORMATION |
| fixed length control field |
170425s2007 my | e l 000 0 may d |
| 020 ## - INTERNATIONAL STANDARD BOOK NUMBER |
| International Standard Book Number |
9677010336 (jil. 1 : 2007) : |
| Terms of availability |
RM23.00 |
| 040 ## - CATALOGING SOURCE |
| Original cataloging agency |
AKMAL |
| 082 ## - DEWEY DECIMAL CLASSIFICATION NUMBER |
| Classification number |
349.09595 MAL |
| Edition number |
22 |
| 090 ## - LOCALLY ASSIGNED LC-TYPE CALL NUMBER (OCLC); LOCAL CALL NUMBER (RLIN) |
| Classification number (OCLC) (R) ; Classification number, CALL (RLIN) (NR) |
340.09595 |
| Local cutter number (OCLC) ; Book number/undivided call number, CALL (RLIN) |
MAL |
| 110 1# - MAIN ENTRY--CORPORATE NAME |
| Corporate name or jurisdiction name as entry element |
Malaysia |
| 9 (RLIN) |
400 |
| 245 10 - TITLE STATEMENT |
| Title |
Undang-undang Umum Jilid Satu ;Akta Kontrak, Akta Pengambilan Tanah, Akta Pencegahan Rasuah, Akta Pilihanraya, Peraturan-peraturan Pilihanraya(pendaftaran pemilih), Peraturan-peraturan Pilihanraya(pengundian pos), Akta Kesalahan Pilihanraya, Peraturan-peraturan dibuat oleh Suruhanjaya Pilihanraya dibawah seksyen 15, Peraturan-peraturan Pilihanraya (Perjalanan Pilihanraya) |
| Remainder of title |
: semua pindaan hingga Mei, 2007 / |
| Statement of responsibility, etc. |
disusun semula oleh Penasihat Undang-undang MDC |
| 260 ## - PUBLICATION, DISTRIBUTION, ETC. |
| Place of publication, distribution, etc. |
Kuala Lumpur : |
| Name of publisher, distributor, etc. |
MDC Publishers, |
| Date of publication, distribution, etc. |
2007 |
| 300 ## - PHYSICAL DESCRIPTION |
| Extent |
xi, 442ms. ; |
| Dimensions |
26cm. |
| 650 10 - SUBJECT ADDED ENTRY--TOPICAL TERM |
| Topical term or geographic name entry element |
Constitutional law |
| Geographic subdivision |
Malaysia |
| 9 (RLIN) |
437 |
| 650 20 - SUBJECT ADDED ENTRY--TOPICAL TERM |
| Topical term or geographic name entry element |
Common law |
| Geographic subdivision |
Malaysia |
| 9 (RLIN) |
435 |
| 710 1# - ADDED ENTRY--CORPORATE NAME |
| Corporate name or jurisdiction name as entry element |
Malaysia. |
| Title of a work |
Akta Kontrak, 1950 |
| 9 (RLIN) |
443 |
| 710 1# - ADDED ENTRY--CORPORATE NAME |
| Corporate name or jurisdiction name as entry element |
Malaysia. |
| Title of a work |
Akta Pengambilan Tanah, 1960 |
| 9 (RLIN) |
444 |
| 710 1# - ADDED ENTRY--CORPORATE NAME |
| Corporate name or jurisdiction name as entry element |
Malaysia. |
| Title of a work |
Akta Pencegahan Rasuah, 1997 |
| 9 (RLIN) |
445 |
| 710 1# - ADDED ENTRY--CORPORATE NAME |
| Corporate name or jurisdiction name as entry element |
Malaysia. |
| Title of a work |
Akta Pilihanraya, 1958 |
| 9 (RLIN) |
446 |
| 710 2# - ADDED ENTRY--CORPORATE NAME |
| Corporate name or jurisdiction name as entry element |
Penasihat Undang-Undang MDC |
| 9 (RLIN) |
405 |
| 942 ## - ADDED ENTRY ELEMENTS (KOHA) |
| Source of classification or shelving scheme |
|
| Koha item type |
Book |
| 950 ## - LOCAL HOLDINGS (RLIN) |
| Permanent shelving location, LOC (RLIN) |
AKMAL |